| 000 | 01200nam a2200349 i 4500 | ||
|---|---|---|---|
| 001 | 193404 | ||
| 003 | SpMaBN | ||
| 005 | 20231119063024.0 | ||
| 007 | ta | ||
| 008 | 231117s2014 sp a | |||| 000 p spa | ||
| 015 | _aMON14 | ||
| 017 |
_aC 1989-2014 _bOficina Depósito Legal A Coruña |
||
| 020 | _a9788461729579 | ||
| 035 | _a(OCoLC)911094408 | ||
| 035 | _aa5640388 | ||
| 040 |
_aSpMaBN _bspa _cSpMaBN _erdc _dES-MaACL |
||
| 080 | _a821.134.2-14"19" | ||
| 100 | 1 |
_aVidales, Juan, _d1965- _0XX5322870 _9234580 |
|
| 245 | 1 | 0 |
_aNada partido por dos : _b(antología poética 2005-2013) / _cJuan Vidales. |
| 250 | _a1ª ed. | ||
| 260 |
_aSantiago de Compostela : _bFollas Novas, _c2014. |
||
| 300 |
_a103 p. : _bil. col. ; _c22 cm |
||
| 336 |
_aTexto (visual) _2isbdcontent |
||
| 337 |
_asin mediación _2isbdmedia |
||
| 338 |
_2rdacarrier _avolumen |
||
| 490 | 1 |
_aLos libros del caracol ; _v26 |
|
| 830 |
_9186854 _aLos libros del caracol ; _v26 |
||
| 852 |
_aES-MaACL _9200855 _bR.150297 _cDEPO1 _dOlim: N-6384 _jA-13384 |
||
| 942 |
_n0 _cMONOGRAFIA |
||
| 999 |
_c193404 _d193404 |
||